000 01194cab a22002175a 4500
001 L153128
008 110610e2011 xxk 000 0 eng d
035 _a(Sirsi) u153128
041 0 _aeng
100 1 _aUnger, Paul
245 0 0 _aMarkets
_bStaffordshire and Shropshire
260 _c2011
490 0 _aProperty Week
_v77(22) 3 June 2011, 41-46(4)
520 _aTelford and Wrekin Council abandons plans to move 2000 staff to a new £40m office in the Southwater area of Telford. Developer Morris Property plans to expand its 20 acre industrial development Vanguard Park in Shrewsbury. Genr8 will submit plans by the end of 2011 for a 100 000 sq ft first phase of a £120m new business district in central Stoke-on-Trent. Realty Estates gains consent for a supermarket and commercial units in Kidsgrove, Staffordshire. The £350m redevelopment of Stoke-on-Trent's East West Centre will begin July with the construction of a new bus station.
590 _aKA
651 4 _aStaffordshire
651 4 _aShropshire
690 _aPROPERTY-COMMERCIAL PROPERTY-COMMERCIAL PROPERTY MARKET
690 _aPROPERTY-COMMERCIAL PROPERTY-COMMERCIAL PROPERTY FINANCE AND INVESTMENT
942 _n0
999 _c83199
_d83199